| 000 | 00772nam a22002531a 4500 | ||
|---|---|---|---|
| 001 | 16574 | ||
| 003 | BD-RjUL | ||
| 005 | 20211209000027.0 | ||
| 008 | 140213c19671966mauac b 000 0beng | ||
| 035 | _a(BD-RjUL)16629 | ||
| 040 |
_aLC _beng _cLC _dANL _dBD-RjUL |
||
| 041 | _aeng | ||
| 082 | 0 | 4 |
_a792.0280924 _bSKM 1967 |
| 100 | 1 |
_aSkinner, Cornelia Otis, _d1901-1979. _951210 |
|
| 245 | 1 | 0 |
_aMadame Sarah / _cCornelia Otis Skinner. |
| 260 |
_aBoston : _bHoughton Mifflin, _c1967 [c1966]. |
||
| 300 |
_axxii, 356 p. : _billus., ports. _c24 cm. |
||
| 504 | _aBibliography: p. [343]-346. and index. | ||
| 600 | 1 | 0 |
_aBernhardt, Sarah, _d1844-1923. _951219 |
| 650 | 0 |
_aActors _zFrance _xBiography. _951212 |
|
| 942 |
_2ddc _cBK |
||
| 999 |
_c16574 _d16574 |
||